000 00854nam a2200277Ia 4500
003 GCL
008 140319s9999 xx 000 0 ara d
040 _aGCL /
_cGCL
082 0 4 _aق
_b935.06
_bم ع
100 1 _aمصطفى العبادى
245 1 0 _aالعصر الهلينستى- مصر /
_cمصطفى العبادى
260 _a[S.N] :
_bدار النهضة العربية ،
_c1988
300 _a224 ص
490 _a
650 0 4 _aتاريخ
650 0 4 _aالاحوال السياسية
650 0 4 _aمصر القديمة
650 0 4 _aالاحوال الاقتصادية
650 0 4 _aالعصر البطلمى
650 0 4 _aالفرس
650 0 4 _aالاسكندر الاكبر
650 0 4 _aالدولة الاغريقية
650 0 4 _aكليوباترا
650 0 4 _aالنظم الادارية
942 _2ddc
_cBK
999 _c37141
_d37141